| 000 | 00751nam a22003010a 4500 | ||
|---|---|---|---|
| 001 | PT16259 | ||
| 003 | AR-LpoUNG | ||
| 005 | 20210131232704.0 | ||
| 008 | 191001s2003||||xxu|||||||||||||||||eng d | ||
| 020 |
_a01986066648 _c$50 |
||
| 040 |
_aAR-LpoUNG _bspa _cAR-LpoUNG _eaacr |
||
| 041 | _aeng | ||
| 044 | _axxu | ||
| 082 | 0 | _a501 874gal | |
| 100 | 1 | _aAtkins, P. W. | |
| 245 | 1 | 0 |
_aGalileo's finger : _bthe ten great ideas of science |
| 250 | _a1§ edición | ||
| 260 |
_aNew York : _bOxford University, _c2003. |
||
| 300 |
_aviii, 380 p. : _bil., tbls. |
||
| 650 | 4 | _aCIENCIAS NATURALES | |
| 650 | 4 | _aENERGIA | |
| 650 | 4 | _aGENETICA | |
| 653 | _aADN | ||
| 653 | _aARITMETICA | ||
| 653 | _aCOMOLOGIA | ||
| 905 | _a16259 | ||
| 942 | _cLIB | ||
| 999 |
_c16951 _d16951 |
||